| 000 | 00720nam a2200169 a 4500 | ||
|---|---|---|---|
| 001 | 000042707 | ||
| 005 | 20201002040334.0 | ||
| 008 | 140205s1999 sp 000 0 spa d | ||
| 020 | _a8497280075 | ||
| 040 |
_aDO-SdBNP _bspa _cBNPHU |
||
| 245 | 0 | 4 |
_aLas bóvedas de Guastavino en América : _blibro publicado en ocasión de la exposición: Guastavino Co. (1885-1962). La reinvención de la bóveda / _ccomisario de la exposición: Javier García-Gutiérrez Mosteiro ; edición a cargo de: Santiago Huerta. |
| 260 |
_aEspaña : _bMinisterio de Fomento, _c1999. |
||
| 300 |
_aXXX, 393 p. : ; _c29 cm. |
||
| 504 | _aBibliografís : 375-393 | ||
| 700 | 1 |
_aHuerta, Santiago _eed. _970018 |
|
| 710 | 2 |
_aMinisterio de Fomento _933125 |
|
| 999 |
_c42196 _d42196 |
||